Science Quiz

Random Science or Math Quiz

The Math Map Quiz Stats

Quiz Updated May 21, 2012

Challenge
Share
Tweet
Embed
Score 0/36 Timer 03:00
1 Play Today
% Correct
99 + 1
100%
11 x 11
99%
12 * 12
99%
14 x 14
99%
13 x 13
99%
915 - 563
97.5%
1407 - 748
95.7%
1156 - 162
95.5%
1221 / 11
94.9%
4130 / 5
93.4%
1041 - 454
87%
1788 / 3
86.4%
377 + 124
80.5%
2604 / 7
77.9%
689 + 262
77.6%
451 + 468
72.6%
17 x 19
72.5%
33 x 8
71.7%
% Correct
247 + 738
70.1%
180 + 134
68.2%
387 + 611
66.6%
375 + 477
65.4%
63 x 7
65.2%
23 x 25
63.5%
1111 - 674
63.3%
157 + 254
63.1%
360 + 328
62.8%
1887 / 3
62%
61 x 8
61.6%
1421 / 7
59.6%
7173 / 9
59%
1580 - 897
58.9%
1664 - 920
58.3%
2904 / 4
58.1%
19 x 14
53%
1164 - 623
41.6%

You're not logged in!

Compare scores with friends on all Sporcle quizzes.
Sign Up with Email
OR
Log In

You Might Also Like...

Show Comments

Extras

Top Quizzes Today


Score Distribution

Your Account Isn't Verified!

In order to create a playlist on Sporcle, you need to verify the email address you used during registration. Go to your Sporcle Settings to finish the process.